000
00307nam a2200121Ia 4500
008
191201s2019 xx 000 0 und d
100
_a
GRAHAM, John
245
0
_a
Dictionary of Telecommunications
260
_a
N.Delhi
_b
Jaico Publication House
300
_a
180
650
_a
General Books
942
_2
ddc
_c
BK
999
_c
1286
_d
1286